[Event "FRA-chT3 0405"]
[Site "France"]
[Date "2005.03.13"]
[Round "7"]
[White "Hochart, Jean Luc"]
[Black "Aurin, Manuel"]
[Result "1/2-1/2"]
[WhiteElo "2026"]
[BlackElo "2000"]
[PlyCount "66"]
[EventDate "2004.10.10"]
[EventType "team"]
[EventRounds "9"]
[EventCountry "FRA"]
[SourceTitle "EXT 2007"]
[Source "ChessBase"]
[SourceDate "2006.11.23"]
[SourceVersion "1"]
[SourceVersionDate "2006.11.23"]
[SourceQuality "1"]

1. e4 e6 2. d4 d5 3. Nc3 Nf6 4. e5 Nfd7 5. f4 c5 6. Nf3 Nc6 7. Be3 a6 8. Qd2 b5 9. Qf2 Qa5 10. Bd2 b4 11. Ne2 Bb7 12. Nc1 c4 13. c3 b3 14. a3 Bxa3 15. Be3 Nb4 16. Rxa3 Nc2+ 17. Qxc2 Qxa3 18. Qb1 Qe7 19. Ne2 a5 20. Ng3 g6 21. Be2 h6 22. Bc1 Kd8 23. Nf1 Kc7 24. Ne3 Nb6 25. Qa1 Bc6 26. Nd2 a4 27. Nb1 Nc8 28. Qa3 Qf8 29. Qxf8 Rxf8 30. Na3 Na7 31. Nf1 Rfb8 32. Nd2 Kd7 33. Ndb1 Rh8 1/2-1/2